000 02348nam0a2200433 4500
001 RU\NLR\bibl\75108
005 20250616101336.0
010 _a5-8192-0034-9
_9300
021 _aRU
_b1999-45330
_92234
035 _a(NLR Aleph) 000073299
090 _a405221
_c405221
100 _a20000315d1999 |||y0rusy50 ca
101 0 _arus
102 _aRU
105 _ay |||||||||
135 _acrmn mmmanaba
200 1 _aСовременные пользователи автоматизированных информационно-библиотечных систем: проблемы обслуживания, изучения и обучения
_eМатериалы 2-й науч.-практ. конф., 25-27 марта 1998 г.
_f[Сост. и ред. Е.Д. Жабко, Т.В. Соколова - кандидаты пед. наук]
210 _aСПб
_cИзд-во РНБ
_d1999
215 _a128 с.
_d20
300 _aВ надзаг.: Рос. библ. ассоциация, Рос. нац. б-ка
325 _aКопия доступна в Электрон. б-ке РНБ
606 0 _aБиблиотечное дело
_jСборники
_xАвтоматизация
_92083775
_3RU\NLR\auth\661259847
606 0 _aБиблиотечное дело
_jСъезды, совещания и т.п.
_xАвтоматизация
_92083775
_3RU\NLR\auth\661259847
606 0 _aБиблиотеки
_jСборники
_xИнформационно-библиографическое обеспечение
_92164051
_3RU\NLR\auth\661302191
606 0 _aБиблиотеки
_jСъезды, совещания и т.п.
_xИнформационно-библиографическое обеспечение
_92164051
_3RU\NLR\auth\661302191
686 _aЧ738.3я431
686 _aЧ735.272я431
702 1 _aЖабко
_bЕ. Д.
_gЕлена Дмитриевна
_4220
801 0 _aRU
_bNLR
_c20000315
_gPSBO
801 1 _aRU
_bNLR
_c20000315
852 _aNLR
_jБ 7130/Ж-123
942 _cBOOK
980 _aNB
981 1 8 _a(18) Планета РНБ
_b(18) Труды сотрудников РНБ